ბათუმის შოთა რუსთაველის სახელმწიფო უნივერსიტეტის ბიბლიოთეკა

Headway. English Course.Intermediate : (ბიბ.ჩანაწერი № 36269)

000 -LEADER
fixed length control field 00660nam a2200217Ia 4500
001 - CONTROL NUMBER
control field 2176
003 - CONTROL NUMBER IDENTIFIER
control field GE_BSU
005 - DATE AND TIME OF LATEST TRANSACTION
control field 20221024155016.0
008 - FIXED-LENGTH DATA ELEMENTS--GENERAL INFORMATION
fixed length control field 181216s1998en xx |||||||||||||| ||eng||
020 ## - INTERNATIONAL STANDARD BOOK NUMBER
International Standard Book Number 194702235
040 ## - CATALOGING SOURCE
Transcribing agency GE_BSU
041 ## - LANGUAGE CODE
Language code of text/sound track or separate title eng
080 ## - UNIVERSAL DECIMAL CLASSIFICATION NUMBER
Universal Decimal Classification number 811.111(075.8) S-70
100 ## - MAIN ENTRY--PERSONAL NAME
Personal name SoarsLiz & nJoh
9 (RLIN) 15494
245 ## - TITLE STATEMENT
Title Headway. English Course.Intermediate :
Remainder of title Studegt' s Book /
Statement of responsibility, etc. nJoh& SoarsLiz
264 ## - PRODUCTION, PUBLICATION, DISTRIBUTION, MANUFACTURE, AND COPYRIGHT NOTICE
Place of production, publication, distribution, manufacture Oxford :
Name of producer, publisher, distributor, manufacturer University Press,
Date of production, publication, distribution, manufacture, or copyright notice 1998.
300 ## - PHYSICAL DESCRIPTION
Extent 2960 p. :
Other physical details 28 cm
653 ## - INDEX TERM--UNCONTROLLED
keyword Headway. English Course.Intermediate Studegt' s Book.
653 ## - INDEX TERM--UNCONTROLLED
keyword ინგლისური ენის კურსი
942 ## - ADDED ENTRY ELEMENTS (KOHA)
Koha item type წიგნი
Source of classification or shelving scheme
ეგზემპლარები
Withdrawn status Lost status Source of classification or shelving scheme Damaged status Not for loan Permanent Location Current Location Shelving location Date acquired Cost, normal purchase price Full call number Barcode Date last seen Copy number Price effective from Koha item type Public note
          ბათუმის შოთა რუსთაველის სახელმწიფო უნივერსიტეტის მთავარი ბიბლიოთეკა ბათუმის შოთა რუსთაველის სახელმწიფო უნივერსიტეტის მთავარი ბიბლიოთეკა წიგნსაცავი 2018-12-17 14.00 811.111(075.8) 4378 2018-12-17 4378 2018-12-17 წიგნი 14 ლ.